000 00907nam a2200265Ia 4500
003 OSt
005 20220926020848.0
006 a|||||r|||| 00| 0
007 ta
008 220923b |||||||| |||| 00| 0 eng d
020 _a9780387745749
_c5824.6899999999996
037 _b27315, 19/03/2009, Segment Book Distrobutors
_cGeneral Book
040 _aRTL
_cRTL
_beng
041 _2eng
_aeng
082 _aX0aW, P8
100 _aRowley Charles K.
_9253724
245 0 _aReadings in public choice and constitutional political economy.
260 _aNew York
_bSpringer Science+ Business
_c2008
300 _axv, 625p.
_ccm.
500 _aBibliography: Chapterwise
650 _aEconomics
700 _a Schneider Friedrich.
_9325269
942 _hX0aW, P8
_cGB
_2CC
999 _c635129
_d635129